| 000 | 01048nam a22002417a 4500 | ||
|---|---|---|---|
| 005 | 20100816102618.0 | ||
| 008 | 090601t xxu||||| |||| 00| 0 Ur d | ||
| 010 | _aUR-7734 | ||
| 020 | _c100.00 | ||
| 035 | _aU-6289 | ||
| 040 |
_adpl _bUrdu |
||
| 082 | _aک | ||
| 100 |
_aصدیقی، الیاس _913525 |
||
| 245 |
_aجاگ مرےشہر / _cالیاس صدیقی |
||
| 246 |
_aJag Mere Shaher / _bby Ilyas Shiddiqui |
||
| 260 |
_aناشک _c2008 _bصدیقی پرکاشن |
||
| 270 |
_a299, Gurudwara Road, Chuna Bhatti _bNashik _e423203 _k02554+239111 |
||
| 300 |
_a220 ص _b22 س م (Pbk) |
||
| 710 |
_aساحل احمد _913526 |
||
| 942 |
_2ddc _cUR _h841.08 _mس ہ ی |
||
| 999 |
_c42047 _d42047 |
||